| 000 -CABECERA |
| fixed length control field |
01837nam a22003497i 4500 |
| 003 - IDENTIFICADOR DEL NÚMERO DE CONTROL |
| control field |
AR-CdUCM |
| 008 - DATOS DE LONGITUD FIJA--INFORMACIÓN GENERAL |
| fixed length control field |
241212b20232023 pe||||| |||| 00| 0 spa d |
| 020 ## - NÚMERO INTERNACIONAL ESTÁNDAR DEL LIBRO |
| ISBN |
798-612-00-8523-3 |
| 040 ## - FUENTE DE LA CATALOGACIÓN |
| Agencia/entidad que catalogó originalmente la obra |
MUNICIPALIDAD PROVINCIAL DEL CUSCO |
| Entidad que transcribió la catalogación |
BIBLIOTECA MUNICIPAL DEL CUSCO |
| 082 ## - NÚMERO DE LA CLASIFICACIÓN DECIMAL DEWEY |
| No. de Clasificación |
726.6098562 / C77 |
| Notacion interna |
C77 |
| 100 ## - ENTRADA PRINCIPAL--NOMBRE DE PERSONA |
| Nombre Personal |
Copa Paucar, Mario / (autor-editor) |
| 245 ## - MENCIÓN DE TÍTULO |
| Título |
La Ruta del Qhapaq Ñan y la Arquitectura Barroca Puneña / |
| 260 ## - PUBLICACIÓN, DISTRIBUCIÓN, ETC. |
| Lugar de publicación, distribución, etc. |
Cusco : |
| Fecha de publicación, distribución, etc. |
2023 |
| 300 ## - DESCRIPCIÓN FÍSICA |
| Nº de Páginas Extensión |
199 páginas. : |
| Dimensiones |
29 cm. |
| 500 ## - NOTA GENERAL |
| Bibliografía |
Bibliografía: página 155. |
| 505 ## - NOTA DE CONTENIDO CON FORMATO |
| Nota de contenido formateada |
El Qhapaq Ñan del Qollasuyu: Puno-Desaguadero -- La iglesia Barroca San Francisco de Asís de Ayaviri -- El Barroco mestizo de la iglesia de Pucara -- El Barroco del templo de San Gerónimo de Asilo -- El Barroco de la iglesia blanca de Santa Catalina -- El Barroco en la iglesia de Paucarcolla -- El Barroco Churrigueresco de la iglesia San Miguel de Ilave -- La iglesia de los arcos de Santa Barbara de Ilave -- La basílica catedral de San Carlos de Puno -- La Roma Aymara Santa cruz de Jerusalén en Juli -- Iglesia Barroca de la Asunción de Chucuito -- La iglesia Santiago apóstol de Pomata -- La iglesia San Miguel de Pomata -- La iglesia San Sebastián de Zepita -- Iglesia San Pedro y San Pablo de Zepita |
| 650 ## - PUNTO DE ACCESO ADICIONAL DE MATERIA--TÉRMINO DE MATERIA |
| Descriptor |
Caminos |
| 9 (RLIN) |
27474 |
| 650 ## - PUNTO DE ACCESO ADICIONAL DE MATERIA--TÉRMINO DE MATERIA |
| Descriptor |
Arte |
| 9 (RLIN) |
561 |
| 650 ## - PUNTO DE ACCESO ADICIONAL DE MATERIA--TÉRMINO DE MATERIA |
| Descriptor |
Arquitectura |
| 9 (RLIN) |
3356 |
| 650 ## - PUNTO DE ACCESO ADICIONAL DE MATERIA--TÉRMINO DE MATERIA |
| Descriptor |
Religión |
| 9 (RLIN) |
1195 |
| 650 ## - PUNTO DE ACCESO ADICIONAL DE MATERIA--TÉRMINO DE MATERIA |
| Descriptor |
Barroca |
| 9 (RLIN) |
50855 |
| 650 ## - PUNTO DE ACCESO ADICIONAL DE MATERIA--TÉRMINO DE MATERIA |
| Descriptor |
Catedral |
| 9 (RLIN) |
41193 |
| 650 ## - PUNTO DE ACCESO ADICIONAL DE MATERIA--TÉRMINO DE MATERIA |
| Descriptor |
Iglesia |
| 9 (RLIN) |
1428 |
| 700 ## - PUNTO DE ACCESO ADICIONAL--NOMBRE DE PERSONA |
| Nombre Personal |
Aguilar Bruna, Valia Lucero |
| 9 (RLIN) |
50856 |
| 700 ## - PUNTO DE ACCESO ADICIONAL--NOMBRE DE PERSONA |
| Nombre Personal |
Tevez Miranda, Kelly Joselin |
| 9 (RLIN) |
50857 |
| 700 ## - PUNTO DE ACCESO ADICIONAL--NOMBRE DE PERSONA |
| Nombre Personal |
Canaza Paucara, Jhostyn Johan |
| 9 (RLIN) |
50858 |
| 700 ## - PUNTO DE ACCESO ADICIONAL--NOMBRE DE PERSONA |
| Nombre Personal |
Huanacuni Miranda, Alex Giovani |
| 9 (RLIN) |
50859 |
| 700 ## - PUNTO DE ACCESO ADICIONAL--NOMBRE DE PERSONA |
| Nombre Personal |
Jacinto Encinas, Marialeydi |
| 9 (RLIN) |
50860 |
| 942 ## - ELEMENTOS DE PUNTO DE ACCESO ADICIONAL (KOHA) |
| Fuente de clasificación |
|
| Tipo de item |
Libros-BMC |
| 945 ## - PROCESAMIENTO DE INFORMACIÓN LOCAL (OCLC) |
| Catalogador |
pbj |
| AAAA-MM-DD - Fecha de ingreso o modificacion |
12-12-2024 |